000 00555nam a22001817a 4500
005 20251108172320.0
008 250721s1998 xx 000 0 ara d
082 1 4 _a658.15/نوا
100 1 _aالنوايسة، محمد إبراهيم
245 1 0 _aتحليل و مناقشة القوائم المالية /
264 1 _aعمان :
_bالمؤلف،
_c1998.
300 _a447ص
650 1 7 _aالإدارة المالية
650 1 7 _aالتخطيط المالي
650 1 7 _aالتحليل المالي
942 _2ddc
_cBK
999 _c75966
_d75966